000 01177nam a2200265 4500
001 78015
003 BD-RjUL
005 20211209083058.0
008 210304s20031424u ||||| |||| 001 0bara d
035 _a(BD-RjUL)78241
040 _aBD-RjUL
_beng
_cBD-RjUL
041 _aara
082 _223
_a953.02092
_bSAA 2003
100 1 _4 صلابي علي محمد محمد
245 _aالانشراح ورفع الضيق في سيرة أبي بكر الصديق رضي الله عنه : شخصيته وعصره ;; al ainshirah wa rafae al diyq fi sirat 'abi bikr al siddiq radia allah eanh: shakhsiatuh wa easruh /
_cتأليف علي محمد محمد الصلابي. ; ; ʻAlī Muḥammad Muḥammad Ṣalābī
260 _aالقاهرة :
_b; دار الفجر للتراث
_c2003
300 _a467 p. ;
_c23 cm
490 _a تاريخ الخلفاء الرشيدين ; ١
500 _aIncludes Index
600 _aMuḥammad,
_cProphet,
_x Friends and associates
_d-632
_9245532
600 _aAbū Bakr,
_xCaliph,
_y634.
_9245533
650 _aCaliphs
_vBiography.
_9245530
830 _a تاريخ الخلفاء الرشيدين ; ١
_9245125
942 _2ddc
_cBK
999 _c78015
_d78015